000 nam a22 7a 4500
999 _c8935
_d8935
008 180320b ||||| |||| 00| 0 eng d
100 _926953
_aMosqueda Jr., Mars W.
245 _aReligious group for condom distribution/
_cMars W. Mosqueda Jr.
260 _aPhilippines:
_bManila Bulletin,
_cc2017.
300 _apage 4.
650 0 _926954
_aBirth control.
942 _2ddc
_cPER